| 000 | 00628nam a2200193 4500 | ||
|---|---|---|---|
| 001 | 111954 | ||
| 003 | ES-MaACL | ||
| 007 | t| | ||
| 008 | 061121s1982 sp r ||||1| spa d | ||
| 100 | 1 |
_aOrosio, Paulo. _987320 |
|
| 245 | 1 | 0 |
_aHistorias _b: libros I-IV / _cPaulo Orosio ; introducción, traducción y notas de Eustaquio Sánchez Salor. |
| 260 |
_aMadrid : _bGredos, _c1982. |
||
| 300 |
_a358 p. : _bil. ; _c20 cm. |
||
| 490 | 1 | _aBiblioteca clásica gredos | |
| 700 | 1 |
_aSánchez Salor, Eustaquio. _9102918 |
|
| 830 | 0 |
_aBiblioteca clásica gredos _9177556 |
|
| 852 |
_aES-MaACL _jL-3509 _bR.104217 |
||
| 999 |
_c111954 _d111954 |
||